| 000 | 00529nam a22001817a 4500 | ||
|---|---|---|---|
| 005 | 20250624125450.0 | ||
| 010 | _aENG-145542 | ||
| 020 |
_c250.00 _a9788119798537 |
||
| 035 | _aEN-129074 | ||
| 037 | _bDBAD | ||
| 082 | _a881 | ||
| 100 |
_aQasim, Seeme _982290 |
||
| 245 |
_aCorona and Gulmohars/ _cSeeme Qasim |
||
| 260 |
_aNew Delhi _bHar-Anand Publication Pvt Ltd _c2023 |
||
| 270 |
_aE-49/3, Okhla Industrial Area, Phase-II _New Delhi _e110020 |
||
| 300 |
_a104p. _c22cm(pb) |
||
| 942 |
_2ddc _cEN _h881 _mQAS |
||
| 999 |
_c211924 _d211924 |
||